Top 30 : Soolking - Statistiques

Statistiques générales
  • Ce quiz a été pris 48 fois
  • Le résultat moyen est 10 sur 30
Statistiques - réponses
Top Titres Featuring % Correct
1 Casanova Gazo
84%
7 Casanova Lola Indigo, Rvfv
84%
3 Meleğim Dadju
66%
5 Zemër Dhurata Dora
66%
4 Balader Niska
58%
6 Guerilla
55%
2 Suavemente
55%
10 Suavemente Boro
55%
11 Dalida
42%
12 CARRÉ OK GIMS
39%
9 Favela Naps
34%
8 Bebeto Kendji Girac
29%
14 Milano
29%
15 Benda Heuss L'enfoiré
26%
22 Ça fait des années Cheb Mami
26%
21 Liberté Ouled El Bahdja
26%
23 Maladie Lacrim
24%
16 Y Dor DYSTINCT, Unleaded
24%
25 Adios L'Algérino
21%
26 Bye Bye Tayc
21%
13 Hayati MERO
21%
18 Jennifer Ghali
21%
28 APRÈS-VOUS MADAME GIMS
18%
24 Rockstar
16%
17 Askim Reynmen
13%
29 La Kichta Heuss L'enfoiré
13%
19 Ajajaj Mert
11%
20 Wouli Liya Dadju, KALY, Aymane Serhani
11%
30 Youv
11%
27 Fada
5%
Aucun quiz correspondant
Distribution des résultats
% des personnes avec chaque résultat
Percentile par nombre de réponses
Votre historique - résultats
Vous n’avez pas pris ce quiz